Countries with the biggest bird populations - Statistics

General Stats
  • This quiz has been taken 71 times
  • The average score is 15 of 20
Answer Stats
Bird population Country % Correct
8.3M United States
99%
2.8M Russia
93%
191.0M Brazil
91%
7.8M Australia
87%
1.0M United Kingdom
87%
6.2M France
86%
13.0M Italy
84%
3.7M Spain
83%
3.5M Germany
81%
1.3M Poland
74%
0.6M Portugal
71%
0.5M New Zealand
70%
0.3M Sweden
70%
0.9M Greece
61%
0.2M Austria
59%
4.4M Netherlands
59%
2.7M Belgium
57%
0.4M Hungary
55%
0.3M Switzerland
52%
0.2M Romania
45%
No matching quizzes found
Score Distribution
Percent of People with Each Score
Percentile by Number Answered
Your Score History
You have not taken this quiz